| 000 | 00416nam a22001451a 4500 | ||
|---|---|---|---|
| 082 |
_aS 294.592 6 _bIND/M |
||
| 100 |
_aIndira Ramanen _9149883 |
||
| 245 |
_aManav dharmasasthrasya manusmrithe manavarsh bhashyam (vol.1)/ _cby Indira Ramanen |
||
| 260 |
_aNew Delhi: _bSamskar, _c2000. |
||
| 300 | _a490p. | ||
| 650 |
_aDharmashastra _9149884 |
||
| 650 |
_aHinduism _9149885 |
||
| 650 |
_aReligion _9149886 |
||
| 942 | _cBK | ||
| 999 |
_c27455 _d27455 |
||